[Event "Vienna op"]
[Site "Vienna"]
[Date "1990.??.??"]
[Round "8"]
[White "Kengis, Edvins"]
[Black "Roeder, Mathias"]
[Result "1-0"]
[WhiteElo "2545"]
[BlackElo "2445"]

1.Nf3 Nf6 2.c4 g6 3.g3 Bg7 4.Bg2 O-O 5.Nc3 Nc6 6.O-O d6 7.d4 Rb8 8.h3 e5
9.Be3 exd4 10.Nxd4 Ne5 11.b3 Re8 12.Qd2 a6 13.Rac1 Bd7 14.Nd5 Nc6 15.Nxc6 bxc6
16.Nc3 Qc8 17.Kh2 Re5 18.Bg5 h6 19.f4 Re8 20.Bxf6 Bxf6 21.e4 Re6 22.Rcd1 Qf8
23.e5 Be7 24.Ne4 Be8 25.Qa5 Bd8 26.Qxa6 dxe5 27.Qa7 Qb4 28.Nc5 exf4 29.Nxe6 fxg3+
30.Kh1 fxe6 31.Qe3 Kh7 32.Qxg3 Qe7 33.Be4 Qg7 34.Rd2 Bg5 35.Rg2 Rd8 36.h4 Rd4
37.Qe1 Be7 38.h5 Bg5 39.a4 Kh8 40.hxg6 Bxg6 41.Bxg6 Rh4+ 42.Rh2 Rxh2+ 43.Kxh2 Qxg6
44.Qe5+ Kg8 45.a5 Qh5+ 46.Kg2 Qg4+ 47.Qg3 Qd4 48.Qf3 Qd2+ 49.Kh1 Qxa5 50.Qf7+ Kh8
51.Qe8+ Kh7 52.Qxe6 Qa8 53.Rf7+  1-0

[Event "Vladivostok op"]
[Site "Vladivostok"]
[Date "1990.??.??"]
[Round "?"]
[White "Zhuraev, A."]
[Black "Soloviov, Sergei"]
[Result "1/2-1/2"]
[WhiteElo "2300"]
[BlackElo "2370"]

1.Nf3 Nf6 2.g3 g6 3.Bg2 Bg7 4.c4 O-O 5.Nc3 d5 6.cxd5 Nxd5 7.d4 Nb6 8.O-O Nc6
9.d5 Na5 10.e4 c6 11.Bg5 cxd5 12.exd5 h6 13.Bf4 Nac4 14.b3 g5 15.bxc4 gxf4
16.Qd3 fxg3 17.hxg3 Bg4 18.Rac1 Rc8 19.Nb5 a6 20.Nbd4 e5 21.dxe6 Bxe6 22.c5 Na4
23.Qe3 Bd7 24.Rfd1 Qf6 25.Qa3 b5 26.c6 Bxc6 27.Rxc6 Rxc6 28.Nxc6 Qxc6 29.Rd6 Qe4
30.Rxa6 Nc3 31.Kh2 Qe2 32.Qc5 b4 33.Rb6 Na4 34.Qb5 Qxf2 35.Rb8 Rxb8 36.Qxb8+ Bf8
37.Ne5 Qf5 38.Bh3 Qf2+ 39.Bg2 Qf5 40.Bh3 Qf2+ 41.Bg2  1/2-1/2

[Event "Warsaw"]
[Site "Warsaw"]
[Date "1990.??.??"]
[Round "4"]
[White "Cvitan, Ognjen"]
[Black "Jasnikowski, Zbigniew"]
[Result "1-0"]
[WhiteElo "2525"]
[BlackElo "2445"]

1.Nf3 Nf6 2.c4 g6 3.g3 Bg7 4.Bg2 O-O 5.d4 d5 6.cxd5 Nxd5 7.O-O c5 8.dxc5 Na6
9.Ng5 Ndb4 10.Nc3 h6 11.Nf3 Qxd1 12.Rxd1 Be6 13.Be3 Nc2 14.Rac1 Nxe3 15.fxe3 Nxc5
16.b4 Na6 17.a3 Bb3 18.Rd7 Rfd8 19.Rxe7 Rac8 20.Nd4 Bf6 21.Nxb3 Bxe7 22.Bxb7 Bg5
23.Kf2 Re8 24.Rc2 Bxe3+ 25.Kf3 Nxb4 26.axb4 Rc7 27.Be4 Rec8 28.Nd5 Rxc2 29.Bxc2 Rxc2
30.Kxe3 Rb2 31.Na5 f5 32.Nc6 a6 33.Nf4 Kf7 34.Nd3 Ra2 35.Nc5 g5 36.Na5 h5
37.Nxa6 h4 38.gxh4 Ra3+ 39.Kf2 g4 40.Nc5 f4 41.Nc4 g3+ 42.hxg3 fxg3+ 43.Kg2 Ra2
44.Nd6+ Kg6 45.Kxg3 Rxe2 46.b5 Re1 47.b6 Rg1+ 48.Kf3 Rf1+ 49.Ke4 Rb1 50.Nd7 Kh5
51.Nf5 Kg4 52.Nf6+ Kh3 53.Nd5 Kg4 54.Ke5 Rb2 55.Kf6 Kh5 56.Kf7 Kg4 57.Kg6 Rb5
58.h5  1-0

[Event "Zuerich op"]
[Site "Zuerich"]
[Date "1990.??.??"]
[Round "?"]
[White "Haas, Carmi"]
[Black "Nemet, Ivan"]
[Result "0-1"]
[WhiteElo "2210"]
[BlackElo "2415"]

1.c4 Nf6 2.Nf3 g6 3.g3 Bg7 4.Bg2 O-O 5.O-O d6 6.Nc3 c6 7.b3 a6 8.d4 b5 9.cxb5 axb5
10.a3 b4 11.Na4 bxa3 12.Bxa3 Nfd7 13.Ra2 Nb6 14.Nc3 N8d7 15.Qd2 Bb7 16.Ne1 Qb8
17.Nc2 c5 18.Bxb7 Qxb7 19.dxc5 Nxc5 20.Rb1 Rfc8 21.Ne3 Bxc3 22.Qxc3 Ne4 23.Qd4 Nc3
24.Ng4 f6  0-1

[Event "Zuerich op"]
[Site "Zuerich"]
[Date "1990.??.??"]
[Round "?"]
[White "Rukavina, Josip"]
[Black "Landenbergue, Claude"]
[Result "0-1"]
[WhiteElo "2440"]
[BlackElo "2385"]

1.Nf3 Nf6 2.c4 g6 3.g3 Bg7 4.Bg2 O-O 5.O-O d6 6.d4 Nbd7 7.Qc2 e5 8.Rd1 Re8
9.e4 exd4 10.Nxd4 c6 11.Nc3 Qe7 12.f3 Nc5 13.b4 Ne6 14.Nb3 h5 15.Rb1 h4 16.Ne2 Nd7
17.f4 Nf6 18.Bb2 Nf8 19.Nc3 Bg4 20.Re1 hxg3 21.hxg3 g5 22.c5 Nh5 23.Qf2 gxf4
24.gxf4 Ng6 25.Nd4 Ngxf4 26.Nf5 Bxf5 27.exf5 Qg5 28.Rxe8+ Rxe8 29.Qf3 Bd4+  0-1

[Event "Acasusso op"]
[Site "Acasusso"]
[Date "1991.??.??"]
[Round "3"]
[White "Panno, Oscar"]
[Black "Fiorito, Fabian"]
[Result "1-0"]
[WhiteElo "2440"]
[BlackElo "2435"]

1.Nf3 Nf6 2.c4 g6 3.g3 Bg7 4.Bg2 O-O 5.d4 d6 6.Nc3 Nc6 7.O-O e5 8.d5 Ne7
9.c5 Ne8 10.cxd6 cxd6 11.a4 h6 12.Nd2 f5 13.a5 g5 14.Nc4 Rf7 15.Qb3 Ng6 16.Bd2 Bf8
17.Nb5 f4 18.Be4 Nh8 19.Bb4 Bh3 20.Bg2 Bxg2 21.Kxg2 Qd7 22.Nc3 g4 23.Ne4 Ng6
24.Qd3 Kg7 25.f3 gxf3+ 26.exf3 fxg3 27.hxg3 Be7 28.Rh1 Qf5 29.Raf1 Nf6 30.Ne3 Qd7
31.Nxd6 Bxd6 32.Bxd6 Nh7 33.Bb4 Ng5 34.Bc3 Raf8 35.f4 Rxf4 36.gxf4 Rxf4 37.Nf5+ Kf8
38.Nxh6 e4 39.Qd4 Ke8 40.Rxf4 Nxf4+ 41.Kf2 Ngh3+ 42.Rxh3 Nxh3+ 43.Ke3  1-0

[Event "URS-ch U18"]
[Site "Alma-Ata"]
[Date "1991.??.??"]
[Round "?"]
[White "Rogozenko, Dorin"]
[Black "Sutovskij, Emil"]
[Result "0-1"]
[WhiteElo "2315"]
[BlackElo "2230"]

1.Nf3 Nf6 2.c4 g6 3.g3 Bg7 4.Bg2 O-O 5.O-O d6 6.d4 Nbd7 7.Nc3 e5 8.e4 Re8
9.Re1 exd4 10.Nxd4 Ng4 11.f3 Nge5 12.b3 Nc5 13.Be3 f5 14.exf5 Ned3 15.Qd2 Nxe1
16.Rxe1 Bxf5 17.Nxf5 gxf5 18.Rd1 c6 19.b4 Nd7 20.f4 Qf6 21.Na4 Re6 22.b5 Rae8
23.bxc6 bxc6 24.Bxc6 Rxe3 25.Bxd7 R8e7 26.c5 Qd4 27.Qxd4 Bxd4 28.Rxd4 Rxd7
29.Rd5 Ra3 30.Nb2 Rxa2 31.Nd1 Re7 32.Kf1 dxc5 33.Rxc5 Rd2 34.Nc3 Rc2 35.h3 Re3
36.Na4 Rxc5  0-1

[Event "Altensteig"]
[Site "Altensteig"]
[Date "1991.??.??"]
[Round "1"]
[White "Smejkal, Jan"]
[Black "Lutz, Christopher"]
[Result "1/2-1/2"]
[WhiteElo "2555"]
[BlackElo "2545"]

1.c4 Nf6 2.Nf3 g6 3.g3 Bg7 4.Bg2 O-O 5.d4 c6 6.Nc3 d5 7.Qb3 Qb6 8.O-O Na6
9.h3 Bf5 10.Qxb6 axb6 11.cxd5 Nxd5 12.Nxd5 cxd5 13.Bg5 e6 14.Bd2 Be4 15.e3 Nb8
16.Rfc1 Nc6 17.Ne1 Bxg2 18.Kxg2 Rfc8 19.Nd3 f6 20.Rc2 Bf8 21.a3 Na5 22.Rac1 Rxc2
23.Rxc2 Nc6 24.Rc3 Be7 25.Rb3 Bd8 26.g4 Kf7 27.Ne1 Ra4 28.Rc3 Be7 29.Rb3 Bd8
30.Rc3 Be7 31.Rb3  1/2-1/2

[Event "Altensteig"]
[Site "Altensteig"]
[Date "1991.??.??"]
[Round "4"]
[White "Stangl, Markus"]
[Black "Muse, Mladen"]
[Result "1/2-1/2"]
[WhiteElo "2490"]
[BlackElo "2445"]

1.Nf3 Nf6 2.c4 g6 3.g3 Bg7 4.Bg2 O-O 5.d4 c6 6.O-O d6 7.Nc3 Qa5 8.h3 Be6
9.Nd2 Qb6 10.e3 Na6 11.a3 c5 12.d5 Bd7 13.b3 e6 14.dxe6 Bxe6 15.Bb2 Rfd8
16.Na4 Qc7 17.Qf3 Qe7 18.Qxb7 Nc7 19.Qf3 Rab8 20.e4 Bd7 21.Nc3 Ne6 22.Qd1 Nd4
23.Ne2 Nc6 24.Qc2 a5 25.Bc3 Ne8 26.Rab1 Nc7 27.Nf4 Qf8 28.Nf3 Ne6 29.Ne2 Bxc3
30.Qxc3 Qg7 31.Qd2 Be8 32.Rfd1 Rb6 33.Qe3 Rbb8 34.h4 a4 35.bxa4 Rxb1 36.Rxb1 Na5
37.Qd3 Bxa4 38.Bh3 Qf6 39.Kg2 Nc6 40.Qc3 Qxc3 41.Nxc3 Bc2 42.Rb6 Ned4 43.Nd2 Bd3
44.a4 Na5 45.Nb5 Nxb5 46.axb5 Nxc4 47.Nxc4 Bxc4 48.Rb7 f5 49.b6 Ba6 50.Ra7 Bd3
51.f3 Rb8 52.b7 Kf7 53.Kf2 Kf6 54.Ke3 Bc4 55.g4 fxg4 56.fxg4 g5 57.Bg2 Ke5
58.hxg5 Bb5 59.Bf3 Bc4 60.Bd1 Bb5 61.Bc2 Bc6 62.Ra6 Bxb7 63.Ra7 Ke6 64.Bb3+ Kd7
65.Bg8 Rxg8 66.Rxb7+ Ke6 67.Rxh7 Rxg5 68.Kf4 Rg8 69.Rh6+  1/2-1/2

[Event "Andorra op"]
[Site "Andorra"]
[Date "1991.??.??"]
[Round "?"]
[White "Danailov, Silvio"]
[Black "Calvo, Jesus Maria"]
[Result "1-0"]
[WhiteElo "2475"]
[BlackElo "2210"]

1.Nf3 Nf6 2.c4 g6 3.g3 Bg7 4.Bg2 O-O 5.O-O d6 6.d4 Nbd7 7.Qc2 e5 8.Rd1 Qe7
9.Nc3 c6 10.b3 Re8 11.e4 a5 12.Ba3 exd4 13.Rxd4 Nc5 14.Re1 Bg4 15.Rd2 Bh6
16.Rde2 Nfd7 17.h3 Bxf3 18.Bxf3 Ne6 19.Rd1 Qf6 20.Rxd6 Qxf3 21.Rxd7 Rad8
22.Rxd8 Rxd8 23.Kh2 Rd3 24.Nd5 Nd4 25.Ne7+ Kg7 26.Bb2 Kf8 27.Bxd4 Rxd4 28.Nc8 Rd8
29.Nb6 Qf6 30.e5 Qf3 31.c5 Bg5 32.Nc4 Rd5 33.Nd6 Be7 34.Nxb7 h5 35.Nd6 Rxc5
36.Qxc5 Qxe2 37.a4 h4 38.Qe3  1-0

[Event "ARG-ch sf"]
[Site "?"]
[Date "1991.??.??"]
[Round "4"]
[White "Szmetan, Jorge"]
[Black "Mellano, Santiago"]
[Result "1-0"]
[WhiteElo "2385"]
[BlackElo "2235"]

1.Nf3 Nf6 2.c4 g6 3.g3 Bg7 4.Bg2 O-O 5.O-O c6 6.d4 d6 7.Nc3 Qa5 8.h3 Be6
9.Nd2 Qh5 10.g4 Qa5 11.d5 cxd5 12.Nb3 Qa6 13.cxd5 Bd7 14.e4 b5 15.a3 Qc8
16.Qd3 Qc4 17.Qxc4 bxc4 18.Nd2 Rc8 19.Re1 h5 20.g5 Ne8 21.Bf1 Na6 22.Re3 Bd4
23.Rf3 Nc5 24.Bxc4 a5 25.Rb1 a4 26.Bf1 Rab8 27.Na2 f5 28.Bd3 fxe4 29.Nxe4 Nxd3
30.Rxd3 Be5 31.Nb4 Rc4 32.f3 e6 33.Be3 Kf7 34.Nd2 Rcc8 35.Bd4 Bxd4+ 36.Rxd4 e5
37.Rh4 Bf5 38.Re1 Rc5 39.f4 Rc2  1-0

[Event "ARG-ch"]
[Site "?"]
[Date "1991.??.??"]
[Round "10"]
[White "Najdorf, Miguel"]
[Black "Mellano, Santiago"]
[Result "1/2-1/2"]
[WhiteElo "2460"]
[BlackElo "2235"]

1.c4 Nf6 2.Nf3 g6 3.g3 Bg7 4.Bg2 O-O 5.O-O d6 6.d4 Nbd7 7.Nc3 e5 8.e4 a6
9.Re1 exd4 10.Nxd4 Ng4 11.f3 Nge5 12.b3 Nc5 13.Be3 c6 14.Qd2 Re8 15.Rad1 a5
16.h3 a4 17.Qc2 Qa5 18.f4 Ned7 19.Bf2 Qb4 20.Rb1 Nf8 21.Nce2 Re7 22.Red1 Bd7
23.Kh2 axb3 24.Nxb3 Qa4 25.Rxd6 Nxe4 26.Rxd7 Nxd7 27.Bxe4 Qxa2 28.Nec1 Qa3
29.Bf3 h5 30.Kg2 Ra4 31.Nd3 Qa2 32.Qxa2 Rxa2 33.Nb4 Ra4 34.Nc5 Nxc5 35.Bxc5 Rd7
36.Rd1 Rxd1 37.Bxd1 Ra1 38.Be2 Bf8 39.Nd3 Ra2 40.Kf3 Rc2 41.Bxf8 Kxf8 42.c5 Ke7
43.Ke3 Ke6 44.Bf3 f5 45.Bd1 Rg2 46.Kf3 Rd2 47.Bb3+ Kf6 48.Ne5  1/2-1/2

[Event "AUT-chT"]
[Site "?"]
[Date "1991.??.??"]
[Round "?"]
[White "Wiedner, Robert"]
[Black "Denk, Adolf"]
[Result "1/2-1/2"]
[WhiteElo "2285"]
[BlackElo "2255"]

1.c4 Nf6 2.g3 g6 3.Bg2 Bg7 4.Nf3 O-O 5.Nc3 d6 6.O-O e5 7.d4 Nbd7 8.b3 Re8
9.Qd2 exd4 10.Nxd4 Nc5 11.Bb2 Nce4 12.Nxe4 Nxe4 13.Qc2 Qe7 14.Rad1 a5 15.Nb5 Bxb2
16.Qxb2 Nc5 17.Rd2 Bf5 18.Nc3 Be4 19.Bxe4 Nxe4 20.Nd5 Qd8 21.Rd4 Nc5 22.Rfd1 Re6
23.Qd2 Kg7  1/2-1/2

[Event "Bad Woerishofen op"]
[Site "Bad Woerishofen"]
[Date "1991.??.??"]
[Round "4"]
[White "Vaganian, Rafael A"]
[Black "Opl, Klaus"]
[Result "1-0"]
[WhiteElo "2585"]
[BlackElo "2270"]

1.Nf3 Nf6 2.c4 g6 3.g3 Bg7 4.Bg2 O-O 5.O-O d6 6.Nc3 e5 7.d3 Nc6 8.Rb1 Bf5
9.b4 Qd7 10.b5 Nd8 11.Ng5 h6 12.Nge4 Nxe4 13.Nxe4 Kh7 14.a4 Bh3 15.Bxh6 Bxg2
16.Bxg7 Kxg7 17.Kxg2 Ne6 18.f3 Rh8 19.Nf2 Rh5 20.e3 Rah8 21.Rh1 f5 22.d4 f4
23.d5 Ng5 24.exf4 Nh3 25.Ng4 Rf8 26.Re1 Rhh8 27.Rb2 exf4 28.Qd4+ Kg8 29.Nf6+ Rxf6
30.Qxf6 fxg3 31.Qxg6+ Kf8 32.Qf6+ Kg8 33.hxg3 Nf4+ 34.gxf4  1-0

[Event "Bad Woerishofen op"]
[Site "Bad Woerishofen"]
[Date "1991.??.??"]
[Round "4"]
[White "Spassov, Liuben"]
[Black "Klein, M."]
[Result "1-0"]
[WhiteElo "2420"]
[BlackElo "2275"]

1.Nf3 Nf6 2.g3 g6 3.Bg2 Bg7 4.c4 O-O 5.O-O d6 6.d4 Nc6 7.Nc3 a6 8.h3 Rb8
9.Be3 b5 10.Nd2 Bd7 11.Rc1 Na5 12.cxb5 axb5 13.b4 Nc4 14.Nxc4 bxc4 15.b5 Qc8
16.Kh2 c6 17.bxc6 Bxc6 18.d5 Bd7 19.Qd2 Re8 20.Bd4 Qa6 21.e4 Qa3 22.Rb1 e6
23.dxe6 Bxe6 24.Rfd1 Red8 25.f4 d5 26.f5 Bd7 27.fxg6 hxg6 28.Rxb8 Rxb8 29.Qf4 Rb6
30.Bxb6 Qxc3 31.exd5 Nh5 32.Qe3 Qb2 33.Bd4 c3 34.Rd3 Bb5 35.Rxc3 Bf1 36.Rc8+  1-0

[Event "Baku"]
[Site "Baku"]
[Date "1991.??.??"]
[Round "?"]
[White "Godes, Dmitry R"]
[Black "Guseinov, Aidyn"]
[Result "1/2-1/2"]
[WhiteElo "2410"]
[BlackElo "2375"]

1.Nf3 Nf6 2.g3 g6 3.Bg2 Bg7 4.c4 O-O 5.Nc3 d6 6.O-O c6 7.d4 Nbd7 8.b3 e5
9.e3 e4 10.Nd2 d5 11.Bb2 Nb6 12.c5 Bg4 13.f3 exf3 14.Bxf3 Bxf3 15.Qxf3 Nbd7
16.Rad1 Ne8 17.Ne2 f5 18.Nf4 Nc7 19.b4 Nf6 20.a4 Qe7 21.Rde1 g5 22.Nd3 Ne4
23.Qd1 a5 24.b5 cxb5 25.axb5 Nxb5 26.Nxe4 fxe4 27.Ne5 Nc7 28.Qb3 Bxe5 29.dxe5 a4
30.Qc3 a3 31.Ba1 Rxf1+ 32.Rxf1 Ne6 33.c6 b5 34.Qd2 Rd8 35.Rb1 Qc7 36.Rc1 h6
37.Qb4 Qb6 38.Qxa3 Rc8 39.Kg2 b4 40.Qb3 Rxc6 41.Bd4 Nxd4 42.Qxd5+ Kh8 43.Qf7 Qd8
44.Rd1 Qg8 45.Qxg8+ Kxg8 46.Rxd4 Rb6 47.Kh3 b3 48.Rd1 b2 49.Rb1 h5 50.g4 h4
51.e6 Rb3 52.e7 Rxe3+ 53.Kg2 Kf7 54.Rxb2 Kxe7 55.Rb5 Kf6 56.Rf5+ Kg6 57.Re5 h3+
58.Kg1 Re2 59.Kf1 Re3 60.Kg1 Kf6 61.Re8 Re2  1/2-1/2

[Event "JUG-ch"]
[Site "Banja Vrucica"]
[Date "1991.??.??"]
[Round "?"]
[White "Obralic, Esad"]
[Black "Todorovic, Goran M"]
[Result "1/2-1/2"]
[WhiteElo "2295"]
[BlackElo "2490"]

1.Nf3 Nf6 2.c4 g6 3.g3 Bg7 4.Bg2 O-O 5.O-O d6 6.d4 Nc6 7.Nc3 a6 8.h3 Rb8
9.e4 b5 10.e5 dxe5 11.dxe5 Qxd1 12.Rxd1 Nd7 13.e6 fxe6 14.cxb5 axb5 15.Bf4 Nde5
16.Nxe5 Nxe5 17.Rac1 c5 18.Ne4 c4 19.Nc5 Rb6 20.b3 Rd6 21.Re1 Rf5 22.bxc4 b4
23.Be4 g5 24.Bxe5 Rxe5 25.Nb3 Ra6 26.Rc2 Bb7 27.f3 Bxe4 28.Rxe4 Rxe4 29.fxe4 Bc3
30.Kf2 e5 31.Ke2 Kf7 32.c5 Rh6 33.a4 Rxh3 34.a5 Ke8 35.Kd3 Kd7 36.Kc4 Rxg3
37.a6 Rf3 38.a7 Rf8 39.Ra2 Ra8 40.Kb5 Kc7 41.c6 Bd4 42.Nc5 Bxc5 43.Kxc5 b3
44.Rd2 b2 45.Rxb2 Rxa7 46.Rh2 Ra5+ 47.Kc4 Kxc6 48.Rxh7 Ra4+ 49.Kd3 Kc5 50.Rg7 Ra3+
51.Ke2 Kd4 52.Rxg5 Re3+ 53.Kd2 Rxe4 54.Rg7 e6 55.Rd7+ Kc5 56.Rc7+ Kd6 57.Ra7 Rc4
58.Ke3 Rc7 59.Ra5 Rc1 60.Kd3 Rc8 61.Ke4 Rc4+ 62.Ke3 Rh4 63.Rb5 Ra4 64.Rb7 Ra1
65.Rb5 Ke7 66.Rxe5 Re1+ 67.Kf4 Rf1+ 68.Ke4 Re1+ 69.Kf4 Rxe5 70.Kxe5  1/2-1/2

[Event "Belgrade-B"]
[Site "Belgrade"]
[Date "1991.??.??"]
[Round "1"]
[White "Shuraev, Andrei"]
[Black "Mozetic, Dejan"]
[Result "1/2-1/2"]
[WhiteElo "2360"]
[BlackElo "2265"]

1.Nf3 Nf6 2.g3 g6 3.Bg2 Bg7 4.c4 O-O 5.Nc3 d6 6.d4 Nbd7 7.O-O e5 8.e4 exd4
9.Nxd4 Re8 10.h3 a6 11.Be3 Rb8 12.Qc2 c5 13.Nde2 b5 14.Rad1 Qe7 15.cxb5 axb5
16.Bf4 Ne5 17.Bg5 Qf8 18.b3 b4 19.Na4 Bb7 20.Bxf6 Bxf6 21.f4 Nc6 22.e5 Be7
23.Nb6 Red8 24.Nc4 dxe5 25.fxe5 Qg7 26.Nd6 Bxd6 27.exd6 Qe5 28.Qc4 Rxd6 29.Qxf7+ Kh8
30.Rxd6 Qxd6 31.Qf6+ Qxf6 32.Rxf6 Na5 33.Bxb7 Rxb7 34.Nf4 c4 35.Rf8+ Kg7
36.Ne6+ Kh6 37.Rf4 Rb5 38.bxc4 Re5 39.Rh4+ Rh5 40.Re4 Rxh3 41.Kg2 Rh5 42.g4 Rh4
43.Nd4 Nxc4 44.Nf3 Rxg4+ 45.Rxg4 Ne3+ 46.Kg3 Nxg4 47.Kxg4 Kg7 48.Kf4 Kf6
49.Ke4 g5 50.Ne5 Ke6 51.Nd3 Kd6 52.Kd4 g4 53.Nxb4 g3 54.Ke3 Kc5 55.Nd3+ Kc4
56.a4 h5  1/2-1/2

[Event "Belgrade-B"]
[Site "Belgrade"]
[Date "1991.??.??"]
[Round "9"]
[White "Shuraev, Andrei"]
[Black "Jovanovic, Sasa D"]
[Result "1-0"]
[WhiteElo "2360"]
[BlackElo "2235"]

1.Nf3 Nf6 2.c4 g6 3.g3 Bg7 4.Bg2 O-O 5.d4 d6 6.O-O Nbd7 7.Nc3 e5 8.e4 exd4
9.Nxd4 Re8 10.h3 Nc5 11.Re1 Bd7 12.Rb1 h6 13.b4 Ne6 14.Nxe6 Bxe6 15.Nd5 c6
16.Ne3 a5 17.b5 Nd7 18.bxc6 bxc6 19.Ba3 Ne5 20.Qc2 c5 21.Red1 Qc8 22.Kh2 Qa6
23.Rbc1 Rad8 24.f4 Nc6 25.f5 Bxf5 26.Nd5 Be6 27.Nc7 Qc8 28.Nxe8 Nd4 29.Nxg7 Nxc2
30.Nxe6 Qxe6 31.Rxc2 Rb8 32.Rd5 h5 33.Rcd2 h4 34.gxh4 Qf6 35.Rxd6 Qe5+ 36.Kh1 Rb1+
37.Rd1 Qa1 38.Rxb1 Qxb1+ 39.Kh2 Qxa2 40.Bxc5 Qxc4 41.Rd5 f6 42.Bd4 Kf7 43.e5 fxe5
44.Bxe5 a4 45.Rd7+ Ke8 46.Rd4 Qc2 47.Kg3 a3 48.Be4 Qb3+ 49.Kf4 a2 50.Bc6+  1-0

[Event "POL-chB"]
[Site "Bielsko-Biala"]
[Date "1991.??.??"]
[Round "6"]
[White "Kiedrowicz, Jan"]
[Black "Maciejewski, Miroslaw"]
[Result "1/2-1/2"]
[WhiteElo "2295"]
[BlackElo "2300"]

1.Nf3 Nf6 2.g3 g6 3.Bg2 Bg7 4.c4 O-O 5.O-O d6 6.d4 Nbd7 7.b3 e5 8.dxe5 dxe5
9.Bb2 e4 10.Ne1 Nc5  1/2-1/2

[Event "POL-chB"]
[Site "Bielsko-Biala"]
[Date "1991.??.??"]
[Round "11"]
[White "Kempinski, Robert"]
[Black "Grabarczyk, Bogdan"]
[Result "1/2-1/2"]
[WhiteElo "2240"]
[BlackElo "2325"]

1.Nf3 Nf6 2.c4 g6 3.g3 Bg7 4.Bg2 O-O 5.O-O d6 6.d4 Nbd7 7.Nc3 e5 8.dxe5 dxe5
9.e4 c6 10.Qe2 Ne8 11.Be3 Nc7 12.c5 Ne6 13.Rfd1 Qe7 14.b4 a5 15.a3 f5 16.Qc4 Kh8
17.Rd6 Nd8 18.Rad1 axb4 19.axb4 Nf7 20.R6d2 f4 21.gxf4 exf4 22.Bxf4 Nfe5
23.Bxe5 Nxe5 24.Nxe5 Bxe5 25.Ne2 Bg4 26.Rf1 Bxe2 27.Qxe2 Qh4 28.h3 Ra3 29.Rfd1 Rxh3
30.Bxh3 Qxh3 31.Qe3 Bh2+ 32.Kh1 Bg3+ 33.Kg1 Bxf2+ 34.Qxf2 Rxf2 35.Kxf2 Qh4+
36.Kf3 Kg7 37.Rd7+ Kh6 38.R1d6 Kg5 39.Rxb7 Qf4+ 40.Ke2 Qxe4+ 41.Kd2 h5 42.Rb6 Kg4
43.b5 Qb4+ 44.Kd3 Qb1+ 45.Kc3 Qc1+ 46.Kd4 Qd2+ 47.Kc4 Qa2+ 48.Kd4 Qb2+ 49.Kd3 Qa3+
50.Kd4 Qb2+ 51.Kd3 Qb3+ 52.Kd4 Qb2+ 53.Kd3  1/2-1/2

[Event "Bled op"]
[Site "Bled"]
[Date "1991.??.??"]
[Round "?"]
[White "Vaulin, Alexander"]
[Black "Kaminik, Aleksandar"]
[Result "1-0"]
[WhiteElo "2510"]
[BlackElo "2245"]

1.c4 Nf6 2.g3 g6 3.Bg2 Bg7 4.Nf3 O-O 5.d4 d6 6.O-O Nc6 7.Nc3 a6 8.b3 Rb8
9.e3 b5 10.Qe2 Na5 11.cxb5 axb5 12.b4 Nc6 13.a3 Na7 14.Bb2 Nd7 15.Rac1 Nb6
16.Ba1 c6 17.Nb1 Be6 18.Nbd2 h6 19.e4 Nc4 20.d5 cxd5 21.Bxg7 Kxg7 22.Nd4 Qb6
23.Nxe6+ fxe6 24.exd5 Nxd2 25.Qxd2 e5 26.Qe3 Nc8 27.Rc6 Qxe3 28.fxe3 Nb6
29.e4 Rfc8 30.Rfc1 Rxc6 31.Rxc6 Nc4 32.a4 Nb2 33.a5 Nd3 34.Rb6 Rxb6 35.axb6 Nxb4
36.Bf1 Na6 37.Bxb5 Nb8 38.Kf2 Kf6 39.Kf3 e6 40.Bc4 exd5 41.Bxd5 Ke7 42.h4 Kf6
43.Kg4 Nd7 44.b7 Nb8 45.Bc4 Nd7 46.Bb5 Nb8 47.Be8 Na6 48.Kf3 g5 49.Kg4 gxh4
50.Kxh4 Nb8 51.Kh5 Kg7 52.Bb5 Kh7 53.Be8 Kg7 54.g4 Na6 55.Bb5 Nb8 56.Be8 Na6
57.Bd7 Nb8 58.Be6 Kh7 59.g5 hxg5 60.Kxg5 Kg7 61.Bd5 Kf8  1-0

[Event "Latin Cup"]
[Site "Bogota"]
[Date "1991.??.??"]
[Round "9"]
[White "Ruiz, Alciguel"]
[Black "Acosta, Alejandro"]
[Result "1-0"]
[WhiteElo "2270"]
[BlackElo "2355"]

1.Nf3 Nf6 2.g3 g6 3.Bg2 Bg7 4.c4 O-O 5.d4 d6 6.Nc3 Nc6 7.d5 Na5 8.Nd2 c5
9.O-O a6 10.Qc2 Rb8 11.b3 b5 12.Bb2 bxc4 13.bxc4 Bh6 14.f4 e5 15.Rae1 exf4
16.gxf4 Nh5 17.e3 Bg7 18.Nd1 Bf5 19.Qc1 Bxb2 20.Nxb2 Qf6 21.Nd1 Bd3 22.Rf2 Rb4
23.Qa3 Bxc4 24.Qxa5 Bb5 25.Qa3 Re8 26.Qc3 Rxf4 27.Qxf6 Rxf6 28.Ne4 Rxf2 29.Kxf2 Rc8
30.Ndc3 h6 31.Bf3 Ng7 32.Rb1 f5 33.Nd2 Bd3 34.Rb6 Ne8 35.Be2 Bxe2 36.Kxe2  1-0

[Event "CSR-ch"]
[Site "Bratislava"]
[Date "1991.??.??"]
[Round "1"]
[White "Jirovsky, Milos"]
[Black "Konopka, Michal"]
[Result "1/2-1/2"]
[WhiteElo "2305"]
[BlackElo "2390"]

1.Nf3 Nf6 2.c4 g6 3.g3 Bg7 4.Bg2 O-O 5.O-O d5 6.cxd5 Nxd5 7.Nc3 Nc6 8.Qa4 e6
9.Rd1 Nb6 10.Qa3 e5 11.d3 Nd4 12.Nxd4 exd4 13.Ne4 h6 14.Bd2 Nd5 15.Qb3 c6
16.Rac1 Qe7 17.Re1 Kh7 18.Nc5 b6 19.Bxd5 cxd5 20.Qxd5 Bh3 21.Qe4 Qf6  1/2-1/2

[Event "CSR-ch"]
[Site "Bratislava"]
[Date "1991.??.??"]
[Round "3"]
[White "Jirovsky, Milos"]
[Black "Rasik, Vitezslav"]
[Result "1-0"]
[WhiteElo "2305"]
[BlackElo "2410"]

1.Nf3 g6 2.g3 Bg7 3.Bg2 Nf6 4.c4 O-O 5.O-O d6 6.Nc3 Nc6 7.d4 Bf5 8.b3 Ne4
9.Bb2 Qd7 10.Rc1 Rae8 11.d5 Nb4 12.Nd4 Nxc3 13.Rxc3 Nxa2 14.Re3 Nb4 15.Nxf5 Bxb2
16.Nh6+ Kg7 17.Qd2 c5 18.Qxb2+ Kxh6 19.g4 f6 20.g5+ Kg7 21.Bh3 Qd8 22.Ra1 a5
23.Be6 Na6 24.Qc3 Nc7 25.Rxa5 Nxe6 26.Rxe6 Kg8 27.Rb5 Qd7 28.h4 fxg5 29.hxg5 Rf4
30.Qg3 Ref8 31.Kg2 Rd4 32.Qe3 Rxd5 33.cxd5 Qxb5 34.Rxe7 Qb4 35.f3 Qf4 36.Qxf4 Rxf4
37.e4 Rf7 38.Re8+ Kg7 39.Rd8 b5 40.Rxd6 Ra7 41.Rc6 Ra2+ 42.Kg3 Rc2 43.Rc7+ Kf8
44.Kf4 c4 45.bxc4 b4 46.c5 b3 47.c6 b2 48.Rb7 Rc1 49.Rxb2  1-0

[Event "CSR-ch"]
[Site "Bratislava"]
[Date "1991.??.??"]
[Round "4"]
[White "Jirovsky, Milos"]
[Black "David, Pavel"]
[Result "1-0"]
[WhiteElo "2305"]
[BlackElo "2400"]

1.Nf3 Nf6 2.c4 g6 3.g3 Bg7 4.Bg2 O-O 5.O-O d5 6.cxd5 Nxd5 7.d4 Nb6 8.Nc3 Nc6
9.d5 Na5 10.e4 c6 11.Bg5 h6 12.Bf4 Nac4 13.b3 Bxc3 14.Rc1 Nb2 15.Qc2 Bg7
16.Be5 Bxe5 17.Nxe5 cxd5 18.exd5 Bf5 19.Qxb2 Qd6 20.g4 Bd7 21.Rfe1 Rac8 22.Rcd1 Rc7
23.Qd2 Kg7 24.Qd4 Kh7 25.Re3 Bc8 26.Rh3 Qf6 27.f4 Qg7 28.Be4 Kg8 29.d6 exd6
30.Qxd6 f6 31.Nxg6 Re8 32.Re3 Rd7 33.Bd5+ Kh7 34.Rxe8 Rxd6 35.Nf8+ Qxf8 36.Rxf8 Bxg4
37.Be4+ Kg7 38.Rxd6  1-0

[Event "CSR-ch"]
[Site "Bratislava"]
[Date "1991.??.??"]
[Round "7"]
[White "Znamenacek, Kvetoslav"]
[Black "Nedela, Vlastimil"]
[Result "0-1"]
[WhiteElo "2340"]
[BlackElo "2310"]

1.Nf3 Nf6 2.c4 g6 3.g3 Bg7 4.Bg2 O-O 5.O-O c6 6.d4 d6 7.Nc3 Nbd7 8.Qc2 e5
9.Rd1 Qe7 10.b3 Ne8 11.e4 f5 12.exf5 gxf5 13.Bg5 Qf7 14.dxe5 dxe5 15.Bd8 Kh8
16.Ng5 Qg6 17.Be7 Rg8 18.Bh3 Ndf6 19.Nf3 Qf7 20.Ba3 Nh5 21.Bb2 Nc7 22.Ne2 Re8
23.Rd2 e4 24.Nh4 f4 25.Bxc8 Raxc8 26.gxf4 Ne6 27.Kh1 Nexf4 28.Nxf4 Qxf4 29.Ng2 Qg4
30.Rg1 Rc7 31.Qd1 Qf3 32.Qxf3 exf3 33.Nh4 Bxb2 34.Rxb2 Rf7 35.Rd2 Rf4 36.Nxf3 Rxf3
37.Kg2 Rf7 38.Rgd1 Nf4+ 39.Kg3 Rg8+ 40.Kf3 Nd5+  0-1

[Event "Brno Morava-D"]
[Site "Brno"]
[Date "1991.??.??"]
[Round "5"]
[White "Konopka, Michal"]
[Black "Belaska, Premysl"]
[Result "1/2-1/2"]
[WhiteElo "2380"]
[BlackElo "2310"]

1.Nf3 Nf6 2.c4 g6 3.g3 Bg7 4.Bg2 O-O 5.O-O c5 6.d4 d6 7.Nc3 Nbd7 8.b3 Rb8
9.Bb2 a6 10.a4 b6 11.Qd2 Bb7 12.d5 Ne8 13.e4 Bc8 14.Nh4 Nc7 15.Qe2 b5 16.f4 bxc4
17.bxc4 Rb3 18.Nd1 a5 19.Bxg7 Kxg7 20.Nc3 Ba6 21.Rfb1 Rb4 22.Nb5 f6 23.Nf3 Nb6
24.Rxb4 axb4 25.e5 Qd7 26.e6 Qc8 27.Nd2 Qb8 28.Be4 f5 29.Bd3 Qb7 30.Qg2 Bxb5
31.axb5 Ra8 32.Qf1 Ne8 33.Nb3  1/2-1/2

[Event "Schneider mem op"]
[Site "Budapest"]
[Date "1991.??.??"]
[Round "1"]
[White "Vaulin, Alexander"]
[Black "Kahn, Evarth"]
[Result "1-0"]
[WhiteElo "2510"]
[BlackElo "2215"]

1.c4 Nf6 2.g3 g6 3.Bg2 Bg7 4.Nf3 O-O 5.d4 d6 6.O-O Nbd7 7.Qc2 e5 8.Rd1 Re8
9.Nc3 c6 10.e4 exd4 11.Nxd4 Nc5 12.Nb3 Qe7 13.Nxc5 dxc5 14.Bf4 Nd7 15.Bd6 Qe6
16.Ne2 g5 17.Rd2 Ne5 18.f4 gxf4 19.gxf4 Ng4 20.Bxc5 b6 21.Bd4 Bxd4+ 22.Nxd4 Qh6
23.h3 Ne3 24.Qc3 Qxf4 25.Re1 Nxg2 26.Rxg2+ Kf8 27.Nxc6 f6 28.Rf1  1-0

[Event "Utasellato NK"]
[Site "Budapest"]
[Date "1991.??.??"]
[Round "1"]
[White "Farago, Sandor"]
[Black "Peter, Ambrus"]
[Result "1/2-1/2"]
[WhiteElo "2410"]
[BlackElo "2250"]

1.c4 g6 2.Nf3 Bg7 3.g3 Nf6 4.Bg2 O-O 5.O-O d6 6.d4 Nbd7 7.Nc3 e5 8.h3 Re8
9.e4 exd4 10.Nxd4 Nc5 11.Re1 Bd7  1/2-1/2

[Event "Honved"]
[Site "Budapest"]
[Date "1991.??.??"]
[Round "3"]
[White "Csom, Istvan"]
[Black "Lutz, Christopher"]
[Result "1/2-1/2"]
[WhiteElo "2460"]
[BlackElo "2545"]

1.c4 Nf6 2.Nf3 g6 3.g3 Bg7 4.Bg2 O-O 5.d4 c6 6.Nc3 d6 7.O-O Bf5 8.b3 Ne4
9.Bb2 Nxc3 10.Bxc3 Be4 11.Qd2 d5 12.Rac1 e6 13.Rfd1 Nd7 14.Ba5 Qb8 15.Qe3 Re8
16.Bh3 Bxf3 17.Qxf3 f5 18.Qd3 Nf6 19.Bg2 Ne4 20.f3 Nf6 21.a4 e5 22.dxe5 Qxe5
23.Bc3 Qxe2 24.Qxe2 Rxe2 25.Bxf6 Bxf6 26.cxd5 cxd5  1/2-1/2